Szczegóły MARC21

Upadłość konsumencka : komentarz do nowelizacji prawa upadłościowego i naprawczego /

003 -Nazwa inst., której nr kontr. jest w polu 001 [,]
    • @
    • Nazwa instytucji, której n kontrolny jest w polu 001
    • NUKAT
005 -DATA I CZAS OSTATNIEJ MODYFIKACJI [,]
    • @
    • pole kontrolne
    • 20241231100326.0
020 -Międzynarod. znormalizowany nr książki - ISBN [ , ]
    • a
    • Numer ISBN
    • 9788325569013 Find
020 -Międzynarod. znormalizowany nr książki - ISBN [ , ]
    • a
    • Numer ISBN
    • 9788325569020 Find
    • q
    • Dopowiedzenie
    • e-book
040 -Instytucja sporządzająca opis [ , ]
    • a
    • Instytucja, która sporządziła opis (NP)
    • Ł U/bb
    • c
    • Instytucja, która sporządziła rekord (NP)
    • Ł U/bb
    • d
    • Instytucja, która zmodyfikowała rekord (P)
    • Ł U/bbs
    • d
    • Instytucja, która zmodyfikowała rekord (P)
    • BSTOK U/EWs
942 -Rodzaj dokumentu [ , ]
    • c
    • Rodzaj dokumentu
    • Książka
100 -Hasło główne - nazwa osobowa [1, ]
    • a
    • Nazwa osobowa (NP)
    • Adamus, Rafał
    • c
    • Dopowiedzenie inne niż daty biograficzne (P)
    • (prawo).
    • 9
    • KHW
    • 796
245 -Strefa tytułu i oznaczenia odpowiedzialności [1,0]
    • a
    • Tytuł
    • Upadłość konsumencka : Find
    • b
    • Ciąg dalszy tytułu (NP)
    • komentarz do nowelizacji prawa upadłościowego i naprawczego / Find
    • c
    • Pozostałe elementy strefy tytułu i oznaczenia odpowiedzialności (NP)
    • redaktorzy: Rafał Adamus, Bartosz Groele ; autorzy: Rafał Adamus, Jarosław Bełdowski, Maciej Geromin, Bartosz Groele, Paweł Kuglarz, Zbigniew Miczek, Janusz Płoch.
250 -Strefa wydania [ , ]
    • a
    • Oznaczenie wydania (NP)
    • Stan prawny: kwiecień 2015 r.
260 -Strefa adresu wydawniczego [ , ]
    • a
    • Miejsce wydania (P)
    • Warszawa :
    • b
    • Nazwa wydawcy (P)
    • Wydawnictwo C. H. Beck,
    • c
    • Data wydania (P)
    • 2015.
300 -Strefa opisu fizycznego [ , ]
    • a
    • Określenie formy książki i/lub objętość (NP)
    • XXI, 348 s. ;
    • c
    • Format (NP)
    • 19 cm.
336 -Typ zawartości [ , ]
    • a
    • Termin opisujący typ zawartości
    • Tekst
    • b
    • Kod określający zawartość
    • txt
    • 2
    • Źródło (terminu i kodu)
    • rdacontent
337 -Typ mediów [ , ]
    • a
    • Tryb odtwarzania
    • Bez urządzenia pośredniczącego
    • b
    • Kod typu mediów
    • n
    • 2
    • Źródło (terminu i kodu)
    • rdamedia
338 -Typ/rodzaj nośnika [ , ]
    • a
    • Hasło opisujące typ nośnika
    • Wolumin
    • b
    • Kod typu nośnika
    • nc
    • 2
    • Źródło (terminu i kodu)
    • rdacarrier
490 -Strefa serii i książki wielotomowej - forma nie do wyszukiwania [1, ]
    • a
    • Tytuł (P)
    • Krótkie Komentarze Becka Find
830 -Hasło dodatkowe serii i opisu książki wielotomowej - tytuł ujednolicony/tytuł [ ,0]
    • a
    • Tytuł ujednolicony/tytuł (NP)
    • Krótkie Komentarze Becka
    • 9
    • KHW
    • 161
504 -Uwaga dot. bibliogr. załącznikowej [ , ]
    • a
    • Uwaga dot. bibliografii załącznikowej
    • Bibliogr. s. IX-XVII. Indeks.
080 -Uniwersalna Klasyfikacja Dziesiętna [ , ]
    • 2
    • Identyfikator wydania tablic
    • UDC-P058
    • 9
    • UKD
    • 3566
    • a
    • Symbol klasyfikacji
    • 347.736/.739
    • b
    • Dopowiedzenie
    • Upadłość. Zawieszenie wypłat. Niewypłacalność. Bankructwo. Likwidacja. Prawo układowe.
    • 4
    • UKD2
    • 7642
    • x
    • Poddział wspólny
    • (438)
    • c
    • Dopowiedzenie poddz. wspólnego
    • (Polska).
    • 4
    • UKD2
    • 7987
    • x
    • Poddział wspólny
    • (094.5.072)
    • c
    • Dopowiedzenie poddz. wspólnego
    • (Interpretacje ustaw. Komentarze. Przepisy wykonawcze).
650 -Hasło przedmiotowe [ ,7]
    • a
    • Hasło przedmiotowe
    • Upadłość
    • z
    • Określnik geograficzny
    • Polska
    • y
    • Określnik chronologiczny
    • 1990-.
    • 2
    • Źródło terminu
    • kaba
    • 9
    • KHW
    • 362169
650 -Hasło przedmiotowe [ ,7]
    • a
    • Hasło przedmiotowe
    • Nadmierne zadłużenie osób prywatnych
    • z
    • Określnik geograficzny
    • Polska.
    • 2
    • Źródło terminu
    • kaba
    • 9
    • KHW
    • 381654
650 -Hasło przedmiotowe [ ,7]
    • a
    • Hasło przedmiotowe
    • Upadłość
    • x
    • Określnik rzeczowy
    • interpretacja
    • z
    • Określnik geograficzny
    • Polska.
    • 2
    • Źródło terminu
    • kaba
    • 9
    • KHW
    • 359045
650 -Hasło przedmiotowe [ ,7]
    • a
    • Hasło przedmiotowe
    • Nadmierne zadłużenie osób prywatnych
    • x
    • Określnik rzeczowy
    • interpretacja
    • z
    • Określnik geograficzny
    • Polska.
    • 2
    • Źródło terminu
    • kaba
    • 9
    • KHW
    • 376805
980 -Symbol UKD [ , ]
    • a
    • UKD
    • 347.736/.739(438)(094.5.072)
700 -Hasło dodatkowe - nazwa osobowa [1, ]
    • a
    • Nazwa osobowa (NP)
    • Bełdowski, Jarosław. Find
    • 9
    • KHW
    • 11760
700 -Hasło dodatkowe - nazwa osobowa [1, ]
    • a
    • Nazwa osobowa (NP)
    • Kuglarz, Paweł Find
    • d
    • Daty biograficzne (NP)
    • (1964- ).
    • 9
    • KHW
    • 83108
700 -Hasło dodatkowe - nazwa osobowa [1, ]
    • a
    • Nazwa osobowa (NP)
    • Miczek, Zbigniew. Find
    • 9
    • KHW
    • 83109
700 -Hasło dodatkowe - nazwa osobowa [1, ]
    • a
    • Nazwa osobowa (NP)
    • Groele, Bartosz. Find
    • e
    • Określenie rodzaju współpracy
    • Red.
    • 9
    • KHW
    • 83110
700 -Hasło dodatkowe - nazwa osobowa [1, ]
    • a
    • Nazwa osobowa (NP)
    • Płoch, Janusz. Find
    • 9
    • KHW
    • 83112
700 -Hasło dodatkowe - nazwa osobowa [1, ]
    • a
    • Nazwa osobowa (NP)
    • Geromin, Maciej. Find
    • 9
    • KHW
    • 83111
710 -Hasło dodatkowe - nazwa ciała zbiorowego [2, ]
    • a
    • Nazwa ciała zbiorowego lub nazwa geograficzna jako pierwszy element (NP)
    • Wydawnictwo C.H. Beck.
    • 4
    • Kod relacji
    • pbl
    • 9
    • KHW
    • 52679
920 -ISBN [ , ]
    • a
    • ISBN
    • 978-83-255-6901-3 Find
920 -ISBN [ , ]
    • a
    • ISBN
    • 978-83-255-6902-0 Find
    • q
    • Dopowiedzenie
    • e-book
Data inwentaryzacji Lokalizacja Status udost. Numer inwentarzowy Sygnatura
2015-06-17BSA1SA.23399SA.23399